01150nam a2200193Ia 4500001001100000003001000011008004100021040002500062041001300087100002000100245006700120250001100187260007600198300001200274500026000286501011400546520026000660650003600920L200-51931IT-CnALBA170116s9999||||xx |||||||||||||| ||und|| aIT-CnALBAcIT-CnALBA aITALIANO aVIGNOLO ROBERTO 0aPERSONAGGI DEL IV VANGELO. FIGURE DELLA FEDE IN SAN GIOVANNI.  a1a ed. aMILANObGLOSSA EDIZIONI c1994 [1° Ed.:1994 - Ed.Ling.Originale: 1994] a249 p.  aLA COSTRUZIONE DEI PERSONAGGI. TEORIA E CRITICA. FIGURE DELLA FEDE CRISTOLOGICA. CAMMINO DEL DISCEPOLO NATANAELE. LA SAMARITANA E I SAMARITANI. GIOVANNI BATTISTA E IL DISCEPOLO AMATO. GIUDA ISCARIOTA. APPENDICI IRONIA GIOVANNEA. CENSIMENTO DEI PERSONAGGI. aSocietà San Paolo EM - Piazza San Paolo, 14 - 12051 ALBA (CN) (non commercial uses only) ® Copyright 2017 aLA COSTRUZIONE DEI PERSONAGGI. TEORIA E CRITICA. FIGURE DELLA FEDE CRISTOLOGICA. CAMMINO DEL DISCEPOLO NATANAELE. LA SAMARITANA E I SAMARITANI. GIOVANNI BATTISTA E IL DISCEPOLO AMATO. GIUDA ISCARIOTA. APPENDICI IRONIA GIOVANNEA. CENSIMENTO DEI PERSONAGGI. aRELIGIONE - RELIGIONE CRISTIANA